Statistics for 15 Countries that produce the most Iron ore

Click here to take the quiz!

General Stats

  • This quiz has been taken 39 times
  • The average score is 12 of 15

Answer Stats

RankAnswer% Correct
2Brazil
100%
9United States
97%
1Australia
94%
8Canada
94%
3China
94%
4India
94%
5Russia
92%
13Mexico
78%
14Peru
78%
15Chile
75%
6South Africa
75%
11Iran
69%
7Ukraine
67%
10Kazakhstan
58%
12Sweden
36%

Score Distribution

Percentile by Number Answered

Percent of People with Each Score

Your Score History

You have not taken this quiz